Katalytické účinky mangánu vo Fentonovej reakcii bakalárska práca

Guardado en:
Detalles Bibliográficos
Autor principal: Marton, Michal
Formato: Libro
Lenguaje:eslovaco
Publicado: Bratislava STU FCHPT 2016
Acceso en línea:Ver en el OPAC
Etiquetas: Agregar Etiqueta
Sin Etiquetas, Sea el primero en etiquetar este registro!

MARC

LEADER 00000nam a2200000 a 4500
005 20260127134310.0
008 161006 2016 000 0 slo d
035 |a vtls011584495 
039 9 |y 201610061221  |z mschk03 
040 |a STUSCHK1  |b slo  |c STUSCHK1  |e AACR2 
100 1 |a Marton, Michal 
245 1 |a Katalytické účinky mangánu vo Fentonovej reakcii  |b bakalárska práca  |c Michal Marton 
260 |a Bratislava  |b STU FCHPT  |c 2016 
300 |a 39 s.  |b il.  |c 25 cm 
500 |a Študijný program: chémia, medicínska chémia a chemické materiály 
500 |a Študijný odbor: chémia, chemické technológie 
500 |a Školiace pracovisko: Odd. environmentálneho inžinierstva 
500 |a Evid. číslo: FCHPT-13569-61259 
910 |a SCHK95 
999 |c 9143  |d 9143